000 00683nam a2200265Ia 4500
005 20260121170310.0
008 008 260114s9999 xx 000 0 eng d
020 _a9783319718798
037 _aEBOOK
040 _aCRL
040 _beng
040 _cCRL
041 _2eng
041 _aeng
084 _qCRL
100 _aXiaobin Jin, Yinkang Zhou, Xuhong Yang, Yinong Cheng
_91062200
245 0 _aHistorical Farmland in China During 1661-1980
260 _bSpringer
260 _bSpringer
260 _c2018
856 _uhttps://link.springer.com/openurl?genre=book&isbn=978-3-319-71879-8
942 _cEBOOK
999 _c1627929
_d1627929